| 000 | 00363nam a2200145Ia 4500 | ||
|---|---|---|---|
| 008 | 170203s9999 xx 000 0 und d | ||
| 050 | _a0 50 | ||
| 050 | _bF686 2005 | ||
| 245 | _aDefenders of our Heritage : | ||
| 245 | _bthe Philippines yearbook 2005 / | ||
| 260 | _bFookien Times. | ||
| 300 | _billustrations: | ||
| 300 | _c30 cm. | ||
| 650 | _aPhilippines. | ||
| 999 |
_c305853 _d305853 |
||